Gouts puffs - Statistiques

Statistiques générales
  • Ce quiz a été pris 663 fois
  • Le résultat moyen est 3 sur 15
Statistiques - réponses
Hint Réponse % Correct
9K Strawberry
69%
9K Cherry
60%
Razz Watermelon ice
28%
Razz Peach ice
26%
Razz Blueberry ice
22%
Razz Coca
16%
Razz Mixed berries
11%
9K Pineapple
10%
Razz Mango ice
9%
Razz Red bull
9%
Razz Kiwi passion
8%
9K Dragon ice
5%
Razz Double apple
3%
Razz Lush ice
3%
Razz Mamba
1%
Aucun quiz correspondant
Distribution des résultats
% des personnes avec chaque résultat
Percentile par nombre de réponses
Votre historique - résultats
Vous n’avez pas pris ce quiz